Thabo Mbeki : the dream deferred (Record no. 496104)

MARC details
000 -LEADER
fixed length control field 00268nam a2200097Ia 4500
082 ## - DEWEY DECIMAL CLASSIFICATION NUMBER
Classification number 92 MBEK
008 - FIXED-LENGTH DATA ELEMENTS--GENERAL INFORMATION
fixed length control field 210825s9999 xx 000 0 und d
100 ## - MAIN ENTRY--PERSONAL NAME
Personal name GEVISSER, Mark ** Jeppestown, 2R7 ** *
9 (RLIN) 108197
245 #0 - TITLE STATEMENT
Title Thabo Mbeki : the dream deferred
942 ## - ADDED ENTRY ELEMENTS
item type Books

No items available.